Stolice państw bałkańskich - Statystyki

Ogólne statystyki
  • Ten quiz został rozwiązany 76 razy
  • Średni wynik to 11 z 12
Odpowiedzi na mapie
Odpowiedzi zakodowano w zielono-czerwonej skali na mapie do tego quizu, zgodnie z poniższymi procentami.
 
Statystyki odpowiedzi
Państwo Stolica % Poprawnych
Rumunia Bukareszt
100%
Bułgaria Sofia
100%
Chorwacja Zagrzeb
100%
Grecja Ateny
98%
Serbia Belgrad
91%
Macedonia Północna Skopje
91%
Albania Tirana
89%
Turcja Ankara
87%
Słowenia Lublana
87%
Bośnia i Hercegowina Sarajewo
81%
Kosowo Prisztina
79%
Czarnogóra Podgorica
77%
Nie znaleziono quizów pasujących do podanych kryteriów
Rozkład punktacji
Procent ludzi z każdym wynikiem
Percentyl według liczby udzielonych odpowiedzi
Twoja historia wyników
Nie rozwiązałeś tego quizu